| 000 | 00341nam a2200133Ia 4500 | ||
|---|---|---|---|
| 008 | 190216s9999||||xx |||||||||||||| ||und|| | ||
| 100 | _a"Manicavachagom Pillay, Natarajan Nad Ganapathy" | ||
| 245 | 0 | _aAnalytical Geometry | |
| 250 | _aFOURTHEENTH | ||
| 260 |
_bViswanathan S. _c1988 |
||
| 300 | _a379 | ||
| 650 | _aMathematics | ||
| 942 | _cBK | ||
| 999 |
_c31009 _d31009 |
||